States and Territories of Australia Speed Round - Statistics

General Stats
  • This quiz has been taken 5 times
  • The average score is 6 of 8
Answer Stats
Answer % Correct
New South Wales
100%
South Australia
100%
Northern Territory
80%
Queensland
80%
Tasmania
80%
Victoria
80%
Western Australia
80%
Australian Capitol Territory
40%
No matching quizzes found
Score Distribution
Percent of People with Each Score
Percentile by Number Answered
Your Score History
You have not taken this quiz